000
00331nam a2200145Ia 4500
008
230711s9999||||xx |||||||||||||| ||und||
041
_a
ENG
082
_a
621
_b
HA-G
100
_a
Harrary
245
0
_a
Graph theory
250
_a
3rd Ed.
260
_c
1990
_a
New Delhi
_b
Narosa Publishing House
650
_a
Mathematics
942
_c
BK
999
_c
139
_d
139